000170238 001__ 170238 000170238 005__ 20260408141823.0 000170238 020__ $$a979-13-88046-11-7 000170238 037__ $$aBOOK-2026-272 000170238 041__ $$aspa 000170238 100__ $$aRamírez Laboreo, Édgar (ed.)$$b 000170238 245__ $$aLibro de Actas del II Simposio Conjunto de los Grupos Temáticos de CEA de Ingeniería de Control, de Modelado, Simulación y Optimización, y de Educación en Automática (SIME 2026) 000170238 260__ $$aZaragoza$$bInstituto de Investigación en Ingeniería de Aragón (I3A); Servicio de Publicaciones, Universidad de Zaragoza$$c2026 000170238 300__ $$a91 000170238 506__ $$aby-nc-sa 000170238 540__ $$9info:eu-repo/semantics/openAccess 000170238 700__ $$aAldana López, Rodrigo (ed.)$$b 000170238 700__ $$aMoya Lasheras, Eduardo (ed.)$$b 000170238 773__ $$t 000170238 8560_ $$flplumed@unizar.es 000170238 8564_ $$uhttps://zaguan.unizar.es/record/170238/files/BOOK-2026-272.pdf$$zTexto completo 000170238 909CO $$ooai:zaguan.unizar.es:170238$$pbooks 000170238 980__ $$aBOOK$$bCONYJOR$$b